[Event "Levitov Chess Week Rapid 2019"]
[Site "Amsterdam"]
[Date "2019.08.04"]
[Round "1.1"]
[White "Svidler, Peter"]
[Black "Gelfand, Boris"]
[Result "0-1"]
[WhiteElo "2737"]
[BlackElo "2676"]
[Annotator "TA"]
[PlyCount "74"]
[EventDate "2019.08.04"]
[EventType "tourn"]
[EventCountry "NED"]
[SourceTitle "playchess.com"]
[Source "ChessBase"]
[SourceQuality "1"]

{[%evp 11,74,0,19,9,18,-16,-18,-19,-21,-8,12,8,9,10,8,8,6,4,-2,-4,13,7,45,42,52,40,51,44,66,76,68,59,89,62,71,20,56,0,0,0,15,-45,-33,-58,-57,-86,-88,-69,-12,-45,-35,-82,-79,-74,-22,-21,-25,-32,-31,-162,-166,-407,-421,-1384,-1384]} 1. c4 c5 2. g3 g6 3. Bg2 Bg7 4. Nc3 Nc6 5. b3 Nf6 6. Bb2 O-O 7. e3 {A36: Symmetrical English vs ...g6: 4 Bg2 Bg7} Nb4 (7... e6 8. Nge2 d5 9. O-O Re8 10. d3 d4 11. exd4 Nxd4 12. Nxd4 cxd4 13. Ne4 Nxe4 14. Bxe4 Rb8 {1-0 (36) Topalov,V (2740)-Vachier Lagrave,M (2780) Abidjan 2019}) 8. d3 $146 ({Predecessor:} 8. d4 cxd4 9. exd4 e6 10. a3 Na6 11. Nge2 d5 12. O-O b6 13. Nf4 Bb7 14. Rc1 Rb8 15. cxd5 exd5 16. Re1 Nc7 17. a4 Re8 18. Na2 Qd6 19. Qc2 Rbc8 20. Qb1 Bh6 {½-½ (20) Monte,E (1702)-Maia,J (1970) Natal 2013}) 8... d5 {[#] aiming for ...dxc4.} 9. a3 $1 {[%cal Ra3b4] The position is equal.} Nc6 10. Nge2 {[%cal Rc4d5]} dxc4 11. bxc4 Ne5 12. Nc1 $1 Bg4 13. f3 Be6 14. Qe2 Qd7 15. Nd1 Nc6 16. Nf2 b5 17. cxb5 Na5 18. a4 a6 19. f4 Bd5 20. e4 Bb7 21. bxa6 Bxa6 22. O-O Rab8 23. Bc3 (23. e5 $16 {Black must now prevent Bc3.} Nd5 24. Ne4) 23... Nc6 24. Rd1 ({White should play} 24. Qa2 $14) 24... Rfd8 25. Qd2 Qa7 26. h3 (26. e5 $11 Nd5 27. Bxd5 Rxd5 28. Qe3) 26... e5 $15 27. f5 c4 28. fxg6 hxg6 29. Kh2 Rd6 (29... Bf8 $15) 30. Qe2 Nd4 31. Bxd4 Rxd4 32. Qe3 cxd3 (32... Bf8 $17 33. Ra2 Bc5) 33. Ncxd3 $11 Rb3 $36 {[%mdl 2048] Black has some pressure.} 34. Rab1 Qb8 35. Nxe5 ({White has to play} 35. Rxb3 $1 $15 Qxb3 36. a5) 35... Rxb1 $19 36. Qxd4 $2 {[#]} (36. Nc6 {only move.} Rdxd1 37. Nxb8) 36... Rxd1 37. Nxd1 (37. Qxd1 $142 Qxe5 38. Qf3) 37... Nh5 {Accuracy: White = 40%, Black = 50%.} 0-1

[Event "Levitov Chess Week Rapid 2019"]
[Site "Amsterdam"]
[Date "2019.08.04"]
[Round "1.2"]
[White "Grischuk, Alexander"]
[Black "Nepomniachtchi, Ian"]
[Result "0-1"]
[WhiteElo "2766"]
[BlackElo "2775"]
[Annotator "TA"]
[PlyCount "82"]
[EventDate "2019.08.04"]
[EventType "tourn"]
[EventCountry "NED"]
[SourceTitle "playchess.com"]
[Source "ChessBase"]
[SourceQuality "1"]

{[%evp 9,82,28,32,20,20,20,31,20,21,14,28,22,30,6,13,-12,-8,-37,-28,-37,-37,-34,-34,-36,-41,-78,-76,-74,-98,-98,-77,-84,-64,-126,-119,-241,-241,-249,-239,-235,-195,-331,-327,-286,-216,-308,-310,-285,-221,-212,-186,-175,-183,-175,-175,-175,-166,-158,-144,-135,-135,-148,-148,-229,-235,-390,-158,-151,0,-402,-399,-389,-291,-288,-283]} 1. d4 Nf6 2. c4 g6 3. h4 (3. g3 c6 4. Bg2 d5 5. cxd5 cxd5 6. Nf3 Bg7 7. Ne5 O-O 8. Nc3 Bf5 9. O-O Ne4 10. Bf4 Nxc3 11. bxc3 Nc6 12. Nxc6 bxc6 13. Qa4 e6 14. Qxc6 Rc8 15. Qa4 Rxc3 16. Rfc1 Rxc1+ 17. Rxc1 Qb6 18. e3 {½-½ (39) Ding,L (2812)-Carlsen,M (2845) Shamkir 2019}) (3. Nc3 d5 4. cxd5 Nxd5 5. e4 Nxc3 6. bxc3 Bg7 7. Nf3 c5 8. Be2 Nc6 9. d5 Bxc3+ 10. Bd2 Bxa1 11. Qxa1 Nd4 12. Nxd4 cxd4 13. Qxd4 O-O 14. O-O Qb6 15. Qc3 Bd7 16. Bh6 f6 17. Bxf8 Rc8 18. Qf3 Kxf8 19. e5 Kg7 20. exf6+ exf6 21. h3 Qd6 {½-½ (38) Grischuk,A (2772)-Nepomniachtchi,I (2773) Moscow 2019}) 3... Bg7 4. Nc3 d5 5. h5 Nxh5 6. cxd5 {E60: King's Indian: Unusual lines and Fianchetto Variation without Nc3} e6 7. dxe6 Bxe6 8. Nf3 {White is slightly better.} Nc6 $146 {[%cal Rc6d4,Bb8c6,Bc6a5,Ba5b3][%mdl 32]} ({Predecessor:} 8... c5 9. Bg5 Qa5 10. Rc1 cxd4 11. Qa4+ Nc6 12. Qxa5 Nxa5 {½-½ (20) Lebreton,F (2023)-Rouillon,R (1796) Sautron 2012}) 9. e3 Qe7 10. Be2 O-O 11. a3 Rad8 12. Qc2 Rfe8 13. Bd2 Na5 14. b4 Nb3 15. Rb1 Nxd2 16. Qxd2 Nf6 17. g3 Ng4 18. Nh2 Nh6 19. Nf3 Nf5 20. Kf1 h5 21. Bd3 (21. Kg2 $15) 21... Bh6 $1 $17 22. Re1 {[#]} (22. Qb2 $17 {might work better.}) 22... Nxd4 $1 $19 {[%mdl 512]} 23. Nxd4 (23. exd4 Bxd2) 23... Rxd4 {[%mdl 64] Pin} 24. Qc2 Rd6 25. Nb5 (25. Kg2 {keeps fighting.}) 25... Rc6 26. Qb1 Bg4 27. Be2 (27. Nd4 $142 Rd6 28. Kg2) 27... Bxe2+ 28. Rxe2 Bg7 {Hoping for ...a6.} 29. Rd2 Rb6 30. Qd3 a6 31. Nd4 Bxd4 32. Qxd4 Rd6 33. Qb2 Red8 $36 {[%mdl 2048] Keeping White busy.} 34. Rxd6 Rxd6 $17 {[%mdl 4096] Endgame KQR-KQR} ({Don't play} 34... cxd6 35. Qc2 $15) 35. Rh4 Qd7 36. Ke2 (36. Qc2 $17) 36... Qb5+ $19 37. Kf3 $2 {[#]} (37. Ke1) 37... Qc6+ (37... Qd5+ $1 $19 {and Black stays clearly on top.} 38. e4 Qd1+ 39. Kg2 Qe1) 38. Ke2 $17 Qb5+ $2 (38... b5 $17 39. Rd4 Rf6) 39. Kf3 $19 {[#]} Qd5+ $1 40. e4 Qc4 41. Kg2 Rd1 {Accuracy: White = 43%, Black = 78%.} 0-1

[Event "Levitov Chess Week Rapid 2019"]
[Site "Amsterdam"]
[Date "2019.08.04"]
[Round "1.3"]
[White "Anand, Viswanathan"]
[Black "Giri, Anish"]
[Result "1/2-1/2"]
[WhiteElo "2764"]
[BlackElo "2779"]
[Annotator "TA"]
[PlyCount "124"]
[EventDate "2019.08.04"]
[EventType "tourn"]
[EventCountry "NED"]
[SourceTitle "playchess.com"]
[Source "ChessBase"]
[SourceQuality "1"]

{[%evp 9,124,15,24,7,14,11,19,0,0,0,0,0,7,0,20,7,13,28,25,6,4,8,12,0,17,11,18,15,37,27,34,31,36,35,31,28,21,26,22,24,24,27,15,8,0,0,0,0,0,0,0,0,0,0,0,0,0,0,0,0,0,0,175,178,181,65,86,54,79,68,64,71,62,69,69,68,88,96,68,56,59,56,59,57,56,56,56,56,188,173,183,170,177,170,169,170,169,120,166,168,166,169,29938,29939,1008,8,8,8,8,8,8,8,8,8,8,8,8]} 1. e4 e5 2. Nf3 Nc6 3. Bb5 Nf6 4. d3 Bc5 5. Bxc6 dxc6 6. Nbd2 {C65: Ruy Lopez: Berlin Defence (3...Nf6), unusual lines and 4 0-0 Bc5} (6. O-O {feels hotter.} Nd7 7. c3 Bd6 8. Qc2 O-O 9. d4) (6. Qe2 Qe7 7. h3 Bd6 8. Nbd2 Nd7 9. O-O O-O 10. Nc4 Re8 11. Re1 c5 12. Nh2 Nf8 13. f4 exf4 {½-½ (33) Aronian,L (2763)-Anand,V (2774) Karlsruhe/Baden Baden 2019}) 6... Be6 7. O-O Nd7 8. Nb3 Bb6 9. Ng5 Bxb3 10. axb3 f6 11. Nf3 Nf8 $146 ({Predecessor:} 11... O-O 12. Nd2 Nc5 13. Nc4 Qd7 {1-0 (40) Robson,R (2660)-Izoria,Z (2599) Saint Louis 2018}) 12. Nd2 Qd7 13. Nc4 Ne6 14. Kh1 O-O 15. g3 a6 16. f3 Rad8 17. Qe2 Bd4 18. Qg2 Qe7 19. Bd2 Kh8 20. f4 exf4 21. gxf4 f5 22. c3 Bf6 $1 23. e5 ({Of course not} 23. exf5 Nc5 $15) 23... Bh4 24. d4 g5 25. fxg5 Bxg5 26. b4 f4 27. Be1 f3 28. Rxf3 Rxf3 29. Qxf3 Rf8 30. Qh3 Nf4 31. Qg4 Qd8 32. Qf3 $1 Nd5 33. Qg2 Nf4 34. Qe4 Nh3 35. Bg3 Bf4 $2 {[#]} (35... Nf2+ $1 $11 {and Black stays safe.} 36. Bxf2 Rxf2) 36. Qg2 $1 $36 {[%mdl 2048] White is really pushing.} Bxg3 37. Qxh3 (37. hxg3 $18 Ng5 38. Rf1) 37... Qd5+ $14 {[%mdl 64] Double Attack} 38. Qg2 Rf2 {[%csl Gf2][%cal Rd5g2]} 39. Qxd5 {Threatening mate with Qd8+.} Rxh2+ 40. Kg1 {White threatens Qd8+ and mate.} cxd5 $16 {[%mdl 4096] Endgame KRB-KRN} 41. Ne3 {And now Nf1 would win.} Rxb2 42. Rf1 {Threatens to win with Rf8+.} Re2 $1 {[%cal Re2e3]} 43. Nxd5 {aiming for Rf7.} c6 44. Ne7 Bh2+ 45. Kh1 Bxe5 46. dxe5 Rxe5 $14 {KRN-KR} 47. Rf7 {Strongly threatening Nf5.} c5 48. Nf5 {[%cal Rf7f8]} Kg8 (48... h5 $14) 49. Nh6+ $18 Kh8 50. Ng4 ({Stronger than} 50. Rxb7 Rh5+ 51. Kg2 Rxh6 $11) 50... Rh5+ 51. Kg2 {Hoping for bxc5.} Rg5 52. Kf3 ({Weaker is} 52. Rxb7 Rxg4+ 53. Kf2 cxb4 $11) 52... Rg7 53. Rf8+ Rg8 54. Rf6 cxb4 55. cxb4 Rg6 $2 (55... Rg7 $18 56. Kf4 Rc7) 56. Rxg6 hxg6 {[#] KN-K3P} 57. Ne5 $2 (57. Ke4 $1 $18) 57... Kg7 $11 {The position is equal.} 58. Nd7 {With the idea Nc5.} Kf7 59. Nc5 Ke7 60. Nxb7 {Black must now prevent Nc5.} Kd7 61. Na5 g5 62. Kg4 Kc7 {Accuracy: White = 62%, Black = 70%.} 1/2-1/2

[Event "Levitov Chess Week Rapid 2019"]
[Site "Amsterdam"]
[Date "2019.08.04"]
[Round "1.4"]
[White "Kramnik, Vladimir"]
[Black "Bareev, Evgeny"]
[Result "1-0"]
[WhiteElo "2753"]
[BlackElo "2643"]
[Annotator "TA"]
[PlyCount "101"]
[EventDate "2019.08.04"]
[EventType "tourn"]
[EventCountry "NED"]
[SourceTitle "playchess.com"]
[Source "ChessBase"]
[SourceQuality "1"]

{[%evp 9,101,15,22,16,31,34,42,36,65,71,74,53,62,54,61,57,83,87,74,78,115,70,111,110,118,112,104,89,147,149,257,270,330,174,181,177,178,171,164,161,153,139,149,159,282,275,222,205,291,299,607,599,603,610,846,806,1127,372,327,172,156,165,242,241,255,252,366,369,369,361,362,362,351,351,1760,1618,1253,1240,1549,1685,1556,1139,29951,10052,5514,6436,29959,29961,29971,29970,29976,29973,29986,29987]} 1. Nf3 d5 2. g3 Nf6 3. Bg2 Bf5 4. d3 e6 5. O-O Be7 6. c4 {A07: Réti Opening: New York and Capablanca Systems} Nbd7 (6... c6 7. Qb3 Qb6 8. Nc3 Nbd7 9. cxd5 Qxb3 10. axb3 exd5 11. e4 dxe4 12. dxe4 Bg6 13. e5 Ne4 14. Nd4 Bc5 {0-1 (63) Karthikeyan,M (2604)-Xu,Y (2533) Bhubaneswar 2018}) 7. Nh4 Bg6 8. cxd5 {White is slightly better.} Nxd5 $146 ({Predecessor:} 8... exd5 9. Nc3 c6 10. e4 Bh5 11. Qc2 dxe4 12. dxe4 O-O 13. Nf5 {1-0 (25) Bergamini,L (2188)-Montenegro Chamorro,J (1262) IECG email 2002}) 9. Nxg6 hxg6 10. e4 N5b6 11. d4 O-O 12. Nc3 c6 13. e5 Nd5 14. h4 Qa5 15. Qf3 Rfd8 16. Rd1 Nxc3 17. bxc3 Nb6 18. Rd3 Rd7 (18... Na4 $142) 19. h5 $16 {Black must now prevent hxg6.} gxh5 (19... g5 $16) 20. Qxh5 $18 g6 21. Qg4 (21. Qh2 $142) 21... Kg7 22. Be4 $1 {Threatens to win with Rf3.} Rh8 23. Rf3 Bd8 24. Kg2 Nd5 25. c4 $40 {[%mdl 128] White attacks with force.} Ne7 ({Not} 25... Qe1 $2 26. Rxf7+ $1 {[%mdl 512]} Kxf7 27. Qxg6+ Kf8 28. Bh6+ Rxh6 29. Qxh6+ (29. Rxe1 $2 {perishes.} Rxg6 30. Bxg6 Ne7 $19) 29... Rg7 30. Rxe1 $18) 26. Bg5 Ng8 {[#]} (26... Nf5 $16) 27. d5 $1 {[%cal Rd5e6]} Bxg5 28. Qxg5 {aiming for dxe6.} cxd5 (28... Qd8 {was called for.} 29. Rxf7+ Kxf7 30. dxe6+ {[%mdl 64] Overworked Piece} Kxe6 31. Qxg6+ Kxe5 32. Qf5+ Kd6) 29. cxd5 Qd8 $2 {[#]} (29... Qb6 30. Qf4 exd5 31. Bxd5 Nh6) 30. Rxf7+ $1 {[%mdl 512]} Kxf7 (30... Rxf7 31. Qxd8) 31. dxe6+ {[%mdl 64] Overworked Piece} Kxe6 32. Qxg6+ Kxe5 {[#]} 33. Qf5+ $2 (33. Bc6 $1 {[%mdl 512] Threatening mate with f4+.} Rd3 (33... bxc6 34. Re1+) 34. Re1+ Kd4 35. Qe6) 33... Kd6 {Hoping for ...Nf6.} 34. Rd1+ (34. Qf4+ $142 Ke7 35. Re1 (35. Qe5+ Kf7 $18)) 34... Ke7 35. Qe5+ {[%mdl 64] Double Attack} Kf8 (35... Kf7 $142 36. Rxd7+ Qxd7 37. Qxh8 Nf6) 36. Rxd7 Qxd7 37. Qxh8 Qe6 (37... b6 $142 38. Qc3 Qe6) 38. Bxb7 Qxa2 39. Qe5 {And now Bd5 would win.} Ne7 40. Qf6+ Ke8 41. Qa6 Qxa6 $2 (41... Qb2 42. Qxa7 Qe5 43. Qa8+ Kf7) 42. Bxa6 {[%mdl 4096] Endgame KB-KN} Nd5 43. Kf3 Nb4 44. Bb5+ Ke7 45. Ke4 a5 46. f4 (46. g4 $142 Na2 47. Kd4 Kf8 48. g5 Nb4 49. f4 Nc2+ 50. Ke4 Ne1 51. f5) 46... Kd6 47. g4 Nd5 48. Bc4 {White mates.} Nb6 49. Ba2 a4 50. g5 a3 51. g6 {Accuracy: White = 78%, Black = 32%.} 1-0

[Event "Levitov Chess Week Rapid 2019"]
[Site "Amsterdam"]
[Date "2019.08.04"]
[Round "2.1"]
[White "Nepomniachtchi, Ian"]
[Black "Svidler, Peter"]
[Result "1/2-1/2"]
[WhiteElo "2775"]
[BlackElo "2737"]
[Annotator "TA"]
[PlyCount "148"]
[EventDate "2019.08.04"]
[EventType "tourn"]
[EventCountry "NED"]
[SourceTitle "playchess.com"]
[Source "ChessBase"]
[SourceQuality "1"]

{[%evp 9,148,8,24,3,-6,7,-1,8,0,0,0,-6,0,7,0,-5,17,4,10,-8,0,-7,-9,0,0,0,11,0,0,-6,-7,-8,0,-10,-12,-12,-11,-10,-23,-12,0,0,6,4,14,10,8,3,16,16,16,0,5,11,19,0,0,0,0,0,0,0,0,0,0,0,8,8,33,33,33,11,11,11,33,33,33,0,33,33,33,33,33,0,0,0,8,8,33,8,8,8,8,8,8,8,8,8,8,8,8,8,8,8,11,11,11,11,11,11,11,11,11,11,11,11,11,11,11,11,11,11,11,11,11,0,11,11,11,0,0,0,0,0,0,0,0,0,0,0,0]} 1. Nf3 Nf6 2. c4 g6 3. Nc3 d5 4. cxd5 Nxd5 5. Qc2 Nc6 6. Qb3 {A16: English Opening: 1...Nf6 with ...d5} Nb6 7. d4 Be6 8. Qd1 $1 Bg7 {[%cal Rc6d4]} 9. e3 O-O 10. Be2 Bc4 11. Bxc4 Nxc4 12. O-O Nd6 $146 ({Predecessor:} 12... Nb6) 13. Qe2 Qe8 14. Rd1 e5 15. d5 e4 16. dxc6 {[#] Strongly threatening Nd4.} exf3 17. Qxf3 Qxc6 18. Qxc6 bxc6 19. Na4 Rfd8 20. Kf1 Nc4 21. Rxd8+ Rxd8 22. Ke2 Rb8 23. a3 Rb5 24. Ra2 Nb6 25. Nxb6 cxb6 $11 {[%mdl 4096] Endgame KRB-KRB} 26. b4 a5 27. Bd2 axb4 $1 28. axb4 Bf8 29. Ra8 f5 30. Kd3 Rd5+ 31. Kc2 Kf7 32. Rb8 Rb5 33. Rc8 Bxb4 34. Bxb4 Rxb4 35. Rxc6 {KR-KR} h5 36. g3 h4 37. Kc3 Ra4 38. Rxb6 hxg3 39. hxg3 g5 40. Kd2 Ra2+ 41. Ke1 g4 42. Rd6 Rb2 43. Rd2 Rb1+ 44. Ke2 Kf6 45. Kd3 Ra1 46. Kc4 Ra4+ 47. Kb3 Ra8 48. Rd4 Kg5 49. Kc4 Ra2 {The position is equal.} 50. Rf4 Rd2 51. Kc3 Ra2 52. Kd3 Rb2 53. e4 fxe4+ 54. Kxe4 Rb4+ 55. Ke5 Rb5+ 56. Ke6 Rb6+ 57. Kd5 Rb5+ 58. Kc4 Re5 59. Kd3 (59. Kd4 {with more complications.} Ra5 60. Kd3 Ra3+ 61. Ke2 Ra2+ 62. Kf1) 59... Re8 60. Re4 Rf8 61. Re5+ Kg6 62. Ke2 Rf7 63. Re8 Rf6 64. Rg8+ Kh5 65. Kf1 Rf7 66. Kg2 Rf6 67. Kf1 Rf7 68. Kg1 Rf6 69. f4 {Hoping for Rg5+.} gxf3 70. g4+ Kh6 71. g5+ {[%mdl 64] [#] Double Attack} Kh7 72. gxf6 {White wants to mate with f7.} Kxg8 73. Kf2 Kf7 74. Kxf3 Kxf6 {Accuracy: White = 62%, Black = 72%.} 1/2-1/2

[Event "Levitov Chess Week Rapid 2019"]
[Site "Amsterdam"]
[Date "2019.08.04"]
[Round "2.2"]
[White "Gelfand, Boris"]
[Black "Grischuk, Alexander"]
[Result "1/2-1/2"]
[WhiteElo "2676"]
[BlackElo "2766"]
[Annotator "TA"]
[PlyCount "58"]
[EventDate "2019.08.04"]
[EventType "tourn"]
[EventCountry "NED"]
[SourceTitle "playchess.com"]
[Source "ChessBase"]
[SourceQuality "1"]

{[%evp 10,58,21,16,35,29,26,20,28,32,35,18,30,19,25,15,64,12,14,10,76,32,55,40,45,46,48,38,37,40,74,67,77,77,63,66,67,29,30,20,29,24,39,18,17,15,27,0,2,0,0]} 1. d4 Nf6 2. Nf3 e6 3. c4 Bb4+ 4. Nbd2 O-O 5. a3 Be7 6. e4 d6 {E11: Bogo-Indian} 7. Be2 Nfd7 8. b4 e5 9. d5 a5 10. Bb2 axb4 $146 ({Predecessor:} 10... c5 11. dxc6 bxc6 12. O-O c5 13. b5 Bb7 14. a4 {1-0 (50) Wang,H (2711)-Le,T (2512) Kuala Lumpur 2018}) 11. axb4 {[%cal Ba3b4,Bb4b5][%mdl 32]} Rxa1 12. Qxa1 c5 13. dxc6 (13. b5 $14) 13... Nxc6 $11 14. Bc3 Nb6 (14... Qb6 $11) 15. O-O Be6 16. b5 Nb8 17. c5 dxc5 18. Nxe5 Bf6 {And now ...Bxe5 would win.} 19. Rd1 N8d7 {[#]} 20. Nxd7 $1 Bxc3 21. Qxc3 Nxd7 22. f4 {Strongly threatening f5.} Qe7 23. Nc4 (23. Nf1 {with more complications.} Ra8 24. Ne3 Nb6 25. e5 g6 26. Bg4) 23... Bxc4 24. Bxc4 Nb6 25. Bf1 Qc7 26. Qe3 c4 27. g3 g6 28. Rc1 Rc8 29. Rc2 Qc5 {Accuracy: White = 69%, Black = 57%.} 1/2-1/2

[Event "Levitov Chess Week Rapid 2019"]
[Site "Amsterdam"]
[Date "2019.08.04"]
[Round "2.3"]
[White "Bareev, Evgeny"]
[Black "Anand, Viswanathan"]
[Result "0-1"]
[WhiteElo "2643"]
[BlackElo "2764"]
[Annotator "TA"]
[PlyCount "116"]
[EventDate "2019.08.04"]
[EventType "tourn"]
[EventCountry "NED"]
[SourceTitle "playchess.com"]
[Source "ChessBase"]
[SourceQuality "1"]

{[%evp 11,116,12,27,23,15,16,30,32,27,24,35,24,36,35,34,42,48,3,8,16,11,6,10,10,13,8,8,-6,0,0,0,0,0,0,-4,-5,0,0,0,-2,0,-11,-11,-66,-83,-235,-230,-235,-231,-228,-219,-219,-196,-197,-186,-182,-195,-198,-198,-198,-198,-189,-192,-193,-194,-206,-194,-196,-189,-203,-202,-198,-188,-202,-180,-202,-202,-196,-166,-180,-172,-255,-193,-189,-218,-218,-197,-191,-191,-420,-431,-415,-273,-5114,-5114,-5114,-5114,-5102,-5102,-4134,-1813,-2735,-2372,-2431,-1606,-2232,-1933]} 1. Nf3 c5 2. e3 Nf6 3. b3 d5 4. Bb2 Nc6 5. Bb5 Bd7 6. O-O e6 7. d4 {A06: Réti Opening:1 Nf3 d5} (7. Re1 Be7 8. d4 O-O 9. dxc5 Bxc5 10. Nbd2 Qe7 11. a3 a6 12. Bd3 Ba7 13. c4 dxc4 14. Nxc4 Rfd8 {½-½ (23) Zvjaginsev,V (2641)-Yilmaz,M (2631) Qinhuangdao 2019}) 7... cxd4 8. exd4 Be7 9. Re1 {White has an edge.} O-O 10. Nbd2 Qa5 11. Bf1 Ba3 12. Qc1 Bxb2 13. Qxb2 Rac8 $146 ({Predecessor:} 13... Be8 14. a3 Ne7 {1-0 (53) Baratz,A-Halberstadt,V Paris 1938}) 14. a3 Ne7 15. c4 dxc4 16. bxc4 Qc7 17. Ne5 Rfd8 18. Ndf3 Be8 19. a4 Nc6 20. Nxc6 Bxc6 21. Ne5 Nd7 22. Nxc6 bxc6 23. a5 c5 24. d5 exd5 25. cxd5 Nf6 26. Bc4 Nxd5 27. Re5 (27. g3 $11) 27... Nf6 $1 $36 {[%cal Rf6g4][%mdl 2048] aiming for ...Ng4. Keeping White busy.} 28. h3 $2 (28. Rf5 $17) 28... Rd4 $19 29. Ba6 Qxe5 30. Bxc8 g6 31. Qc1 Ne4 32. Qe1 Qf6 33. Rc1 c4 34. Bg4 Nc5 35. Be2 {[#]} Nd3 $1 {[%cal Rd3e1]} 36. Bxd3 cxd3 {[%mdl 4096] Endgame KQR-KQR} 37. Qd2 Rd5 38. g3 Qa6 39. Rd1 Qb5 40. h4 h5 41. Qc3 Kh7 (41... Qxa5 42. Rxd3 Qxc3 43. Rxc3 $17) 42. Kh2 a6 ({Much less strong is} 42... Qxa5 43. Rxd3 Qd8 44. Rf3 $17) 43. Rd2 Rd7 ({But not} 43... Qxa5 44. Rxd3 Qb5 45. Re3 $17) 44. Kg1 Qd5 45. Kh2 Qd4 46. Qc6 (46. Qxd4 $142 Rxd4 47. Kg2) 46... Rd6 47. Qb7 Kg7 {Hoping for ...Qc3.} 48. Qb3 {[#]} g5 $1 {[%mdl 512]} 49. hxg5 h4 50. Qd1 $2 (50. Kg2) 50... hxg3+ 51. fxg3 Qc3 52. Rf2 $2 (52. Kg2) 52... d2 {Black is clearly winning.} 53. Rf1 Qxa5 54. Qf3 Qd5 {( -> ...Qxf3)} 55. Qc3+ Qd4 (55... Kg6 $142 56. Rd1 Kxg5) 56. Qf3 Rd7 57. Rd1 a5 {[%cal Ba6a5,Ba5a4][%mdl 32]} 58. Kh3 a4 {Accuracy: White = 50%, Black = 66%.} 0-1

[Event "Levitov Chess Week Rapid 2019"]
[Site "Amsterdam"]
[Date "2019.08.04"]
[Round "2.4"]
[White "Giri, Anish"]
[Black "Kramnik, Vladimir"]
[Result "1/2-1/2"]
[WhiteElo "2779"]
[BlackElo "2753"]
[Annotator "TA"]
[PlyCount "155"]
[EventDate "2019.08.04"]
[EventType "tourn"]
[EventCountry "NED"]
[SourceTitle "playchess.com"]
[Source "ChessBase"]
[SourceQuality "1"]

{[%evp 13,155,8,41,29,23,18,27,22,25,13,12,14,25,0,0,-14,0,0,7,-7,0,-15,-15,-18,0,-70,0,-66,-44,-66,-60,-77,-65,-69,0,0,0,0,0,0,0,0,0,0,0,0,0,-18,-6,-17,0,-245,-121,-277,-273,-271,-262,-264,-270,-270,-267,-262,-259,-424,-394,-527,-523,-500,-487,-450,-346,-322,-293,-381,-284,-290,-232,-221,-119,-105,-119,-118,-119,-193,-193,-250,-248,-172,-122,-264,-267,-218,-213,-196,-72,-73,-77,-160,-62,-81,0,0,0,0,0,0,0,0,0,0,0,0,0,0,0,0,0,0,0,0,0,0,0,0,0,0,0,0,0,0,0,0,0,0,0,0,8,8,8,8,8,8,8,8]} 1. d4 Nf6 2. c4 e6 3. Nf3 b6 4. g3 Bb7 5. Bg2 Be7 6. O-O O-O 7. Re1 Qc8 8. Nc3 {E17: Queen's Indian: 4 g3 Bb7 5 Bg2 Be7} Ne4 9. Bd2 d6 (9... f5 10. Rc1 d6 11. d5 e5 12. Bh3 Nxd2 13. Nxd2 g5 14. f3 g4 15. fxg4 fxg4 {½-½ (26) Ivanchuk,V (2717)-Andreikin,D (2719) Sitges 2018}) 10. d5 {White has an edge.} Nxd2 11. Qxd2 e5 12. e4 $146 ({Predecessor:} 12. e3 a5 13. a3 f5 14. Qc2 Qe8 15. c5 bxc5 16. Nxe5 dxe5 {0-1 (67) Carvaga,R (2220)-Malashenkov,A (2307) ICCF email 2013}) 12... a5 13. h4 Na6 14. Kh2 Nc5 15. Bh3 Qd8 16. b3 Bc8 17. Qe2 g6 18. Bxc8 Rxc8 19. h5 (19. Rh1 $11) 19... Qd7 ({Better is} 19... gxh5 $15 20. Nd2 h4) 20. Kg2 (20. Nd2 $11) 20... Qg4 21. Rh1 gxh5 22. Nd2 Qxe2 23. Nxe2 {[#]} Bg5 (23... h4 $1 $15 {[%mdl 512]}) 24. f4 exf4 25. gxf4 Bf6 26. Rag1 h4 27. Kf3+ Kh8 28. Kg4 Rg8+ 29. Kf5 Be7 30. e5 Rg6 31. Nf3 Rcg8 32. Rxg6 $2 (32. Ned4 $1 $11 {and White is okay.}) 32... fxg6+ $19 (32... hxg6+ 33. Kg4 $15) 33. Kg4 Nd3 $1 {[%cal Rd3f2]} 34. Rf1 Rf8 35. exd6 h5+ ({Resist} 35... Bxd6 36. Nfd4 $17) ({Worse is} 35... cxd6 36. Nxh4 Bf6 37. Nf3 $11) 36. Kh3 Bxd6 37. Nxh4 Kh7 $1 38. f5 $2 (38. Ng2 {was necessary.}) 38... g5 39. Ng6 Re8 40. Nd4 Re3+ 41. Kg2 Rg3+ 42. Kh1 {intending Nb5.} Rh3+ 43. Kg2 Rh2+ 44. Kf3 g4+ ({But not} 44... Rxa2 45. Ne6 $17) 45. Ke3 Ne5 ({Black should try} 45... Nc5 $19 46. Nf4 Kg7 47. f6+ Kf7) 46. Nxe5 $17 Bxe5 {[%mdl 4096] Endgame KRB-KRN} 47. Ne6 {Hoping for f6.} Bf6 $1 48. Nxc7 (48. Rg1 $17 {was called for.}) 48... h4 $1 $19 49. d6 (49. Ne6 {was worth a try.}) 49... Bg5+ 50. Ke4 {aiming for f6.} Re2+ {[%mdl 1024] Black has strong compensation.} 51. Kd5 (51. Kd3 $17 Rd2+ 52. Ke4) 51... g3 $1 {[%cal Rg3g2]} 52. Ne6 Bf6 53. Rg1 {[#]} Rf2 (53... Rd2+ $1 $19 {and Black stays clearly on top.} 54. Kc6 g2) 54. Ke4 $17 Rd2 55. Nf4 (55. Kf3 $142) 55... Rd4+ (55... Rxd6 $17 56. Nd5 Kh6) 56. Kf3 $15 {[#]} Rxd6 (56... Be5 $1 $17 57. Ne6 Rxd6) 57. Nd5 $11 {The position is equal.} Kg7 58. Kg2 Kh6 59. Re1 {Re6 is the strong threat.} Kg5 60. Re6 Rxe6 61. fxe6 {KB-KN} Kf5 $1 62. e7 Bxe7 $1 63. Nxe7+ {KN-KP} Kg4 {And now ...h3+ would win.} 64. Nc6 h3+ 65. Kg1 Kf3 {( -> ...h2+)} 66. Nd4+ Ke3 67. Ne6 Kf3 {White must now prevent ...h2+.} 68. Ng5+ Kg4 69. Ne6 Kf5 70. Nd4+ Ke4 71. Ne6 Kf5 72. Nd4+ Kf4 73. a3 Ke4 74. Ne6 Kd3 75. c5 bxc5 76. Nxc5+ Kc3 77. b4 axb4 78. axb4 {Accuracy: White = 64%, Black = 64%.} 1/2-1/2